Enemies of the United States - Statistics

General Stats
  • This quiz has been taken 90 times
  • The average score is 14 of 19
Answer Stats
Country % Correct
Iran
100%
Russia
98%
China
95%
North Korea
95%
Iraq
92%
Syria
89%
Belarus
85%
Afghanistan
84%
Pakistan
75%
Cuba
72%
Yemen
72%
Venezuela
69%
Libya
67%
Somalia
57%
Sudan
57%
Saudi Arabia
54%
Myanmar
43%
Palestine
41%
Zimbabwe
7%
No matching quizzes found
Score Distribution
Percent of People with Each Score
Percentile by Number Answered
Your Score History
You have not taken this quiz